[Event "Belgrade Spring Open 2021"]
[Site "Belgrade"]
[Date "2021.04.06"]
[Round "6.5"]
[White "Milosevic, Milos"]
[Black "Potpara, Nikola"]
[Result "1/2-1/2"]
[WhiteElo "2334"]
[BlackElo "2370"]
[Annotator "ChessBase"]
[PlyCount "51"]
[EventDate "2021.04.02"]
[EventType "swiss"]
[EventCountry "SRB"]
[SourceTitle "playchess.com"]
[Source "ChessBase"]
[SourceQuality "1"]
[TimeControl "5400+30"]

1. e4 {[%emt 0:00:00]} c5 {[%emt 0:04:43]} 2. Nc3 {[%emt 0:00:00]} Nc6 {[%emt 0:01:05]} 3. Bb5 {[%emt 0:00:00]} Nd4 {[%emt 0:00:45]} 4. Nf3 {[%emt 0:00:00]} e6 {[%emt 0:00:10]} 5. O-O {[%emt 0:00:00]} a6 {[%emt 0:00:58]} 6. Bd3 {[%emt 0:00:00]} Nc6 {[%emt 0:00:51]} 7. Nd5 {[%emt 0:00:00]} d6 {[%emt 0:01:49]} 8. Ne3 {[%emt 0:00:44]} Nf6 {[%emt 0:00:54]} 9. c3 {[%emt 0:00:36]} d5 {[%emt 0:04:01]} 10. exd5 {[%emt 0:01:42]} Nxd5 {[%emt 0:00:06]} 11. Nxd5 {[%emt 0:01:03]} exd5 {[%emt 0:05:07]} 12. Bc2 {[%emt 0:04:59]} Bg4 {[%emt 0:09:22]} 13. h3 {[%emt 0:03:34]} Bh5 {[%emt 0:00:10]} 14. d4 {[%emt 0:10:34]} cxd4 {[%emt 0:05:07]} 15. g4 {[%emt 0:01:21]} Bg6 {[%emt 0:00:15]} 16. Nxd4 {[%emt 0:07:17]} Be7 {[%emt 0:14:00]} 17. Nf5 {[%emt 0:01:26]} O-O {[%emt 0:03:33]} 18. Be3 {[%emt 0:01:31]} Bf6 {[%emt 0:01:46]} 19. Qf3 {[%emt 0:09:32]} Ne5 {[%emt 0:08:21]} 20. Qg2 {[%emt 0:01:04]} Bxf5 {[%emt 0:11:01]} 21. Bxf5 {[%emt 0:00:37]} Nc4 {[%emt 0:00:38]} 22. Bc5 {[%emt 0:01:28]} Re8 {[%emt 0:00:05]} 23. Rad1 {[%emt 0:03:42]} Nxb2 {[%emt 0:03:48]} 24. Rxd5 {[%emt 0:00:06]} Qc7 {[%emt 0:00:09]} 25. Qf3 {[%emt 0:27:53]} Rad8 {[%emt 0:14:35]} 26. Bxh7+ {[%emt 0:06:15]} 1/2-1/2

[Event "Belgrade Spring Open 2021"]
[Site "Belgrade"]
[Date "2021.04.06"]
[Round "6.6"]
[White "Abramovic, Bosko"]
[Black "Lajthajm, Borko"]
[Result "1-0"]
[WhiteElo "2333"]
[BlackElo "2359"]
[Annotator "ChessBase"]
[PlyCount "105"]
[EventDate "2021.04.02"]
[EventType "swiss"]
[EventCountry "SRB"]
[SourceTitle "playchess.com"]
[Source "ChessBase"]
[SourceQuality "1"]
[TimeControl "5400+30"]

1. Nf3 {[%emt 0:00:00]} c5 {[%emt 0:22:29]} 2. g3 {[%emt 0:00:08]} Nf6 {[%emt 0:00:16]} 3. Bg2 {[%emt 0:00:13]} g6 {[%emt 0:00:20]} 4. O-O {[%emt 0:01:06]} Bg7 {[%emt 0:00:04]} 5. c4 {[%emt 0:00:23]} O-O {[%emt 0:00:35]} 6. d4 {[%emt 0:00:42]} Na6 {[%emt 0:00:19]} 7. Nc3 {[%emt 0:00:21]} d6 {[%emt 0:00:08]} 8. b3 {[%emt 0:00:17]} Bg4 {[%emt 0:00:30]} 9. Bb2 {[%emt 0:00:16]} Qc8 {[%emt 0:00:17]} 10. Qd2 {[%emt 0:00:52]} Bh3 {[%emt 0:01:13]} 11. e4 {[%emt 0:04:34]} cxd4 {[%emt 0:00:21]} 12. Nxd4 {[%emt 0:00:07]} Bxg2 {[%emt 0:01:10]} 13. Kxg2 {[%emt 0:00:06]} Nc5 {[%emt 0:00:32]} 14. Rfe1 {[%emt 0:01:35]} a6 {[%emt 0:01:08]} 15. f3 {[%emt 0:00:15]} Rd8 {[%emt 0:00:38]} 16. Rac1 {[%emt 0:18:11]} Qd7 {[%emt 0:02:00]} 17. Qe2 {[%emt 0:00:41]} Rdb8 {[%emt 0:01:33]} 18. Red1 {[%emt 0:03:05]} Qe8 {[%emt 0:03:49]} 19. Nc2 {[%emt 0:03:18]} Rc8 {[%emt 0:02:46]} 20. Ne3 {[%emt 0:00:10]} b5 {[%emt 0:08:23]} 21. Ncd5 {[%emt 0:01:52]} Nxd5 {[%emt 0:00:39]} 22. Nxd5 {[%emt 0:00:37]} Bxb2 {[%emt 0:09:47]} 23. Qxb2 {[%emt 0:02:03]} Rc6 {[%emt 0:14:20]} 24. e5 {[%emt 0:18:01]} bxc4 {[%emt 0:07:43]} 25. Rxc4 {[%emt 0:00:21]} Rac8 {[%emt 0:02:43]} 26. exd6 {[%emt 0:01:35]} Rxd6 {[%emt 0:00:08]} 27. Qc2 {[%emt 0:00:43]} Kg7 {[%emt 0:13:02]} 28. Rxc5 {[%emt 0:00:32]} Rxc5 {[%emt 0:00:25]} 29. Qxc5 {[%emt 0:00:07]} Qd8 {[%emt 0:00:04]} 30. Rd3 {[%emt 0:00:57]} f6 {[%emt 0:00:27]} 31. Qc4 {[%emt 0:00:20]} Qa5 {[%emt 0:00:25]} 32. Nc3 {[%emt 0:00:40]} Rxd3 {[%emt 0:02:00]} 33. Qxd3 {[%emt 0:00:13]} Qa3 {[%emt 0:00:04]} 34. Qe2 {[%emt 0:00:43]} h5 {[%emt 0:00:22]} 35. Nd5 {[%emt 0:00:26]} e5 {[%emt 0:00:36]} 36. Qc2 {[%emt 0:00:25]} g5 {[%emt 0:00:55]} 37. h4 {[%emt 0:04:49]} gxh4 {[%emt 0:01:30]} 38. gxh4 {[%emt 0:00:19]} Kf7 {[%emt 0:00:14]} 39. Qc7+ {[%emt 0:00:49]} Kg6 {[%emt 0:00:08]} 40. Qe7 {[%emt 0:02:12]} Qxa2+ {[%emt 0:00:47]} 41. Kg3 {[%emt 0:00:16]} Qa1 {[%emt 0:01:02]} 42. Qxf6+ {[%emt 0:00:08]} Kh7 {[%emt 0:00:05]} 43. Qf7+ {[%emt 0:00:51]} Kh6 {[%emt 0:00:11]} 44. Qa7 {[%emt 0:00:34]} Kg6 {[%emt 0:02:31]} 45. Qb6+ {[%emt 0:00:22]} Kg7 {[%emt 0:00:07]} 46. Qe3 {[%emt 0:00:34]} Kf7 {[%emt 0:00:07]} 47. Nc3 {[%emt 0:00:23]} Qa5 {[%emt 0:00:48]} 48. Ne4 {[%emt 0:00:38]} Qa1 {[%emt 0:00:06]} 49. Nd6+ {[%emt 0:01:50]} Kf6 {[%emt 0:01:16]} 50. Nc4 {[%emt 0:02:17]} a5 {[%emt 0:00:09]} 51. Qh6+ {[%emt 0:00:42]} Ke7 {[%emt 0:00:22]} 52. Qd6+ {[%emt 0:00:10]} Kf7 {[%emt 0:00:45]} 53. Nxe5+ {[%emt 0:00:13]} 1-0

[Event "Belgrade Spring Open 2021"]
[Site "Belgrade"]
[Date "2021.04.06"]
[Round "6.7"]
[White "Thybo, Jesper Sondergaard"]
[Black "Mitev, Valentin"]
[Result "1/2-1/2"]
[WhiteElo "2568"]
[BlackElo "2166"]
[Annotator "ChessBase"]
[PlyCount "74"]
[EventDate "2021.04.02"]
[EventType "swiss"]
[EventCountry "SRB"]
[SourceTitle "playchess.com"]
[Source "ChessBase"]
[SourceQuality "1"]
[TimeControl "5400+30"]

1. c4 {[%emt 0:00:00]} c5 {[%emt 0:00:00]} 2. Nf3 {[%emt 0:00:00]} Nf6 {[%emt 0:00:00]} 3. Nc3 {[%emt 0:00:41]} Nc6 {[%emt 0:00:00]} 4. e3 {[%emt 0:01:00]} g6 {[%emt 0:00:00]} 5. d4 {[%emt 0:00:54]} cxd4 {[%emt 0:00:00]} 6. exd4 {[%emt 0:00:04]} d5 {[%emt 0:00:01]} 7. cxd5 {[%emt 0:00:26]} Nxd5 {[%emt 0:00:05]} 8. Qb3 {[%emt 0:00:06]} Nxc3 {[%emt 0:00:04]} 9. Bc4 {[%emt 0:00:29]} Nd5 {[%emt 0:00:13]} 10. Bxd5 {[%emt 0:00:19]} e6 {[%emt 0:00:05]} 11. Bxc6+ {[%emt 0:00:39]} bxc6 {[%emt 0:00:04]} 12. O-O {[%emt 0:00:45]} Be7 {[%emt 0:00:03]} 13. Be3 {[%emt 0:09:30]} Qd5 {[%emt 0:00:17]} 14. Rfc1 {[%emt 0:07:41]} f6 {[%emt 0:00:23]} 15. Nd2 {[%emt 0:01:08]} Kf7 {[%emt 0:00:04]} 16. Qc2 {[%emt 0:01:45]} Bb7 {[%emt 0:00:21]} 17. f3 {[%emt 0:00:44]} g5 {[%emt 0:01:49]} 18. Ne4 {[%emt 0:04:06]} Rad8 {[%emt 0:03:44]} 19. Qf2 {[%emt 0:05:23]} h5 {[%emt 0:05:01]} 20. Nc5 {[%emt 0:03:47]} Bc8 {[%emt 0:00:22]} 21. Rc3 {[%emt 0:04:35]} g4 {[%emt 0:18:45]} 22. Rf1 {[%emt 0:04:22]} Rhg8 {[%emt 0:10:07]} 23. fxg4 {[%emt 0:09:09]} Rxg4 {[%emt 0:00:49]} 24. Nd3 {[%emt 0:00:10]} Ba6 {[%emt 0:03:37]} 25. Ne5+ {[%emt 0:08:00]} Kg7 {[%emt 0:00:05]} 26. Nxg4 {[%emt 0:01:25]} Bxf1 {[%emt 0:00:05]} 27. Nxf6 {[%emt 0:08:08]} Bxf6 {[%emt 0:00:48]} 28. Bh6+ {[%emt 0:02:03]} Kh7 {[%emt 0:00:37]} 29. Be3 {[%emt 0:01:41]} Qxg2+ {[%emt 0:27:05]} 30. Qxg2 {[%emt 0:00:07]} Bxg2 {[%emt 0:00:02]} 31. Kxg2 {[%emt 0:00:14]} Bxd4 {[%emt 0:00:02]} 32. Bxd4 {[%emt 0:00:28]} Rxd4 {[%emt 0:00:01]} 33. Rxc6 {[%emt 0:00:26]} Rd2+ {[%emt 0:00:02]} 34. Kg3 {[%emt 0:00:27]} Rxb2 {[%emt 0:00:08]} 35. Rc7+ {[%emt 0:00:04]} Kg6 {[%emt 0:00:12]} 36. Rxa7 {[%emt 0:00:05]} Kf5 {[%emt 0:00:43]} 37. Rf7+ {[%emt 0:27:39]} Ke5 {[%emt 0:32:46]} 1/2-1/2

[Event "Belgrade Spring Open 2021"]
[Site "Belgrade"]
[Date "2021.04.06"]
[Round "6.8"]
[White "Draskovic, Luka"]
[Black "Petrovic, Aleksa"]
[Result "1/2-1/2"]
[WhiteElo "2472"]
[BlackElo "2141"]
[Annotator "TA"]
[PlyCount "144"]
[EventDate "2021.04.02"]
[EventType "swiss"]
[EventCountry "SRB"]
[SourceTitle "playchess.com"]
[Source "ChessBase"]
[SourceQuality "1"]

{[%evp 14,144,49,16,29,40,24,18,43,16,68,2,9,0,0,0,3,-22,-33,-38,-40,-104,-112,-134,-104,-170,-166,-168,-168,-147,-84,-110,-85,-56,-59,-107,-92,-104,-23,-87,-83,-84,0,-74,-84,-120,-27,-25,0,-13,0,0,0,0,0,0,0,0,26,33,33,33,32,28,27,29,40,0,51,51,51,51,51,51,51,51,51,51,51,51,58,51,51,51,58,58,58,20,21,21,21,20,22,22,22,0,22,13,20,13,22,20,22,13,22,22,22,20,22,22,24,13,13,13,20,20,20,20,20,20,20,38,45,0,0,0,0,0,0,0,0,0,0]} 1. c4 Nf6 2. Nc3 g6 3. g3 Bg7 4. Bg2 O-O 5. d4 d6 6. Nf3 c6 7. e4 Bg4 8. O-O (8. h3 $5 {[%cal Rh3g4]} Bxf3 9. Bxf3 $14 (9. Qxf3 Nfd7 $11)) 8... e5 {E62: King's Indian: Fianchetto: 6...c6 and Panno Variation (6...Nc6) without ...a6.} 9. d5 cxd5 10. cxd5 b5 11. Qb3 {[#]} Bc8 $146 (11... Bd7 $1 $11) ({Predecessor:} 11... a6 12. a4 bxa4 13. Rxa4 Nbd7 14. Be3 Qc7 15. Nd2 Nc5 16. Qc4 Rfc8 17. Ra2 Nfd7 {1-0 (71) Kekki,P (2285)-Byggmastar,L Finland 1999}) 12. h3 (12. Qxb5 $6 Ba6 $15) (12. Re1 $14) 12... a5 13. Re1 b4 14. Na4 Na6 15. Be3 Nxe4 16. Bb6 Qe8 17. Rxe4 ({White should play} 17. Nd4 $1 $15 f5 18. Nc6) 17... Bd7 $17 18. Nc3 a4 19. Qc4 (19. Qd1 $17 bxc3 20. bxc3) 19... bxc3 $19 20. Qxc3 Qb8 21. Be3 Qb5 (21... f5 $142 22. Rc4 e4) 22. Nd2 Rfb8 (22... Qxd5 $6 23. Rh4 $11) 23. Nc4 Bf8 ({Much worse is} 23... Qxd5 $6 24. Rh4 $11) 24. Bd2 Rc8 25. Rc1 Ra7 (25... Rab8 $17 26. Re3 Bh6) 26. b3 (26. Qe3 $11 {keeps the balance.} Rac7 27. Bf1) 26... axb3 $17 27. axb3 Qxd5 (27... Nc7 $17 28. Ree1 Nxd5) 28. Be3 {[#]} (28. Ra1 $11) 28... Rac7 $1 29. Bb6 {[#]} Rc6 ({Better is} 29... Bxh3 $1 $17 {[%mdl 512]} 30. Bh1 (30. Bxh3 Qxe4) 30... Rd7) 30. Ree1 $1 $11 Qb5 (30... Qe6 {with more complications.} 31. Qd2 Nc5 32. Bxc5 Rxc5 33. Nb6 Rxc1 34. Rxc1 Rxc1+ 35. Qxc1 Bb5) 31. Bxc6 Rxc6 32. Qa5 $36 {[%mdl 2048] White is pushing.} Qxa5 33. Bxa5 Nc5 {Threatens to win with ...Nd3.} 34. Nd2 Ra6 {aiming for ...Nd3.} ({But not} 34... Bxh3 $6 35. b4 $16) 35. Ra1 Bh6 36. Bb4 Rc6 {With the idea ...Nd3.} 37. Bxc5 Bxd2 {[#]} 38. Red1 dxc5 39. Rxd2 Bxh3 {[%mdl 4096] Endgame KRR-KRB} 40. Rc1 Rb6 (40... Be6 $11) 41. Rd3 Be6 42. Rxc5 e4 43. Rd4 Rxb3 44. Rxe4 Bf5 45. Re1 h5 46. Rc7 Be6 47. Rcc1 h4 48. gxh4 {Hoping for Rc5.} Rh3 49. Re3 {Strongly threatening Rxh3.} Rxh4 50. f3 Kg7 51. Kg2 Rb4 52. Kg3 Kf6 53. Rc6 Kf5 54. Rc1 Kf6 55. Rh1 Kf5 56. Rh2 Ra4 57. Rhe2 Rb4 58. Re4 Rb5 59. Rf4+ Kg5 60. Rd4 Rf5 61. Rg4+ (61. Rb2 {is interesting.} Ra5 62. Rd3 Kf6 63. Re3 Rg5+ 64. Kf2) 61... Kf6 62. Rf4 Rxf4 63. Kxf4 {KR-KB} Kg7 64. Ke5 Bf5 65. Rd2 Bh3 66. Rb2 Bf5 67. Rb6 Be6 68. Rxe6 fxe6 {The position is equal.} 69. Kxe6 Kh6 70. f4 Kh5 71. Kf6 Kg4 72. Kxg6 {White wants to mate with f5.} Kxf4 {Weighted Error Value: White=0.17/Black=0.15} 1/2-1/2

[Event "Belgrade Spring Open 2021"]
[Site "Belgrade"]
[Date "2021.04.06"]
[Round "6.9"]
[White "Lundin, Jan"]
[Black "Cobic, Vladimir"]
[Result "1/2-1/2"]
[WhiteElo "2188"]
[BlackElo "2365"]
[Annotator "ChessBase"]
[PlyCount "118"]
[EventDate "2021.04.02"]
[EventType "swiss"]
[EventCountry "SRB"]
[SourceTitle "playchess.com"]
[Source "ChessBase"]
[SourceQuality "1"]
[TimeControl "5400+30"]

1. d4 {[%emt 0:02:11]} Nf6 {[%emt 0:05:37]} 2. Bg5 {[%emt 0:00:09]} d5 {[%emt 0:03:36]} 3. Nd2 {[%emt 0:01:09]} Nc6 {[%emt 0:05:10]} 4. c3 {[%emt 0:03:22]} Bf5 {[%emt 0:04:38]} 5. e3 {[%emt 0:05:16]} h6 {[%emt 0:04:05]} 6. Bh4 {[%emt 0:03:42]} e6 {[%emt 0:03:07]} 7. Ngf3 {[%emt 0:01:05]} Be7 {[%emt 0:00:07]} 8. Be2 {[%emt 0:01:32]} O-O {[%emt 0:00:11]} 9. O-O {[%emt 0:00:26]} Ne4 {[%emt 0:01:34]} 10. Bxe7 {[%emt 0:01:53]} Qxe7 {[%emt 0:02:57]} 11. Bb5 {[%emt 0:02:59]} Bg4 {[%emt 0:07:16]} 12. Qc2 {[%emt 0:02:33]} Bxf3 {[%emt 0:04:51]} 13. Nxf3 {[%emt 0:00:31]} Nb8 {[%emt 0:13:39]} 14. Bd3 {[%emt 0:02:16]} Nf6 {[%emt 0:06:10]} 15. Ne5 {[%emt 0:02:13]} c5 {[%emt 0:01:05]} 16. Qe2 {[%emt 0:00:48]} Nc6 {[%emt 0:01:05]} 17. f4 {[%emt 0:00:27]} Nd7 {[%emt 0:04:36]} 18. Bc2 {[%emt 0:16:57]} Ncxe5 {[%emt 0:11:33]} 19. fxe5 {[%emt 0:00:51]} f5 {[%emt 0:00:21]} 20. Kh1 {[%emt 0:11:37]} c4 {[%emt 0:01:49]} 21. g4 {[%emt 0:00:34]} fxg4 {[%emt 0:02:20]} 22. Qxg4 {[%emt 0:00:56]} Rxf1+ {[%emt 0:00:06]} 23. Rxf1 {[%emt 0:00:07]} Rf8 {[%emt 0:00:25]} 24. Rf4 {[%emt 0:02:35]} Rxf4 {[%emt 0:12:42]} 25. exf4 {[%emt 0:00:10]} Nf8 {[%emt 0:00:45]} 26. f5 {[%emt 0:10:32]} exf5 {[%emt 0:00:10]} 27. Bxf5 {[%emt 0:00:13]} g5 {[%emt 0:02:14]} 28. h4 {[%emt 0:05:18]} Kg7 {[%emt 0:00:24]} 29. hxg5 {[%emt 0:01:08]} hxg5 {[%emt 0:00:50]} 30. Qh5 {[%emt 0:02:42]} b5 {[%emt 0:00:10]} 31. a3 {[%emt 0:01:16]} a5 {[%emt 0:00:14]} 32. Kg2 {[%emt 0:00:59]} b4 {[%emt 0:01:21]} 33. axb4 {[%emt 0:02:08]} axb4 {[%emt 0:00:01]} 34. Kg3 {[%emt 0:00:42]} bxc3 {[%emt 0:01:04]} 35. bxc3 {[%emt 0:00:07]} Qa3 {[%emt 0:00:38]} 36. Qxg5+ {[%emt 0:16:36]} Kf7 37. e6+ {[%emt 0:00:00]} Ke8 {[%emt 0:00:53]} 38. Bg6+ {[%emt 0:00:00]} Nxg6 {[%emt 0:00:01]} 39. Qxg6+ {[%emt 0:00:00]} Kd8 {[%emt 0:00:04]} 40. Qg8+ {[%emt 0:00:00]} Kc7 {[%emt 0:00:10]} 41. Qf7+ {[%emt 0:00:00]} Kb6 {[%emt 0:00:27]} 42. Kf4 {[%emt 0:00:00]} Qxc3 {[%emt 0:00:44]} 43. Ke5 {[%emt 0:00:00]} Qe3+ {[%emt 0:00:39]} 44. Kxd5 {[%emt 0:00:00]} c3 {[%emt 0:00:07]} 45. e7 {[%emt 0:00:50]} Qg5+ {[%emt 0:00:58]} 46. Ke4 {[%emt 0:03:32]} Qg2+ {[%emt 0:00:25]} 47. Ke5 {[%emt 0:00:26]} Qg3+ {[%emt 0:01:34]} 48. Kd5 {[%emt 0:00:38]} Qg5+ {[%emt 0:00:01]} 49. Ke6 {[%emt 0:00:31]} Qe3+ {[%emt 0:00:06]} 50. Kf5 {[%emt 0:00:13]} c2 {[%emt 0:01:29]} 51. e8=Q {[%emt 0:00:44]} Qxe8 {[%emt 0:00:09]} 52. Qxe8 {[%emt 0:00:06]} c1=Q {[%emt 0:00:05]} 53. Qb8+ {[%emt 0:00:16]} Ka6 {[%emt 0:00:30]} 54. d5 {[%emt 0:00:28]} Qf1+ {[%emt 0:00:10]} 55. Ke6 {[%emt 0:00:19]} Qh3+ {[%emt 0:00:09]} 56. Ke7 {[%emt 0:01:02]} Qh7+ {[%emt 0:00:02]} 57. Kd8 {[%emt 0:00:41]} Qg8+ {[%emt 0:00:46]} 58. Kc7 {[%emt 0:00:12]} Qxb8+ {[%emt 0:00:15]} 59. Kxb8 {[%emt 0:00:05]} Kb6 {[%emt 0:00:04]} 1/2-1/2

[Event "Belgrade Spring Open 2021"]
[Site "Belgrade"]
[Date "2021.04.06"]
[Round "6.10"]
[White "Krasteva, Beloslava"]
[Black "Radojicic, Aleksandar M"]
[Result "1-0"]
[WhiteElo "2287"]
[BlackElo "2082"]
[Annotator "ChessBase"]
[PlyCount "69"]
[EventDate "2021.04.02"]
[EventType "swiss"]
[EventCountry "SRB"]
[SourceTitle "playchess.com"]
[Source "ChessBase"]
[SourceQuality "1"]
[TimeControl "5400+30"]

1. d4 {[%emt 0:00:00]} Nf6 {[%emt 0:00:00]} 2. c4 {[%emt 0:00:00]} c5 {[%emt 0:00:00]} 3. d5 {[%emt 0:00:00]} b5 {[%emt 0:00:00]} 4. cxb5 {[%emt 0:00:12]} a6 {[%emt 0:00:00]} 5. b6 {[%emt 0:00:12]} Qxb6 {[%emt 0:00:14]} 6. Nc3 {[%emt 0:00:19]} g6 {[%emt 0:00:09]} 7. e4 {[%emt 0:00:23]} d6 {[%emt 0:00:27]} 8. Nf3 {[%emt 0:00:35]} Bg7 {[%emt 0:00:08]} 9. Be2 {[%emt 0:00:23]} O-O {[%emt 0:00:07]} 10. Nd2 {[%emt 0:00:57]} a5 {[%emt 0:00:08]} 11. O-O {[%emt 0:01:50]} Ba6 {[%emt 0:00:07]} 12. Bxa6 {[%emt 0:06:06]} Qxa6 {[%emt 0:08:21]} 13. a4 {[%emt 0:01:15]} Nbd7 {[%emt 0:02:26]} 14. Nb5 {[%emt 0:08:42]} Rfc8 {[%emt 0:02:14]} 15. Nc4 {[%emt 0:05:59]} Nb6 {[%emt 0:08:53]} 16. Nxb6 {[%emt 0:02:44]} Qxb6 {[%emt 0:01:23]} 17. Qe2 {[%emt 0:00:20]} Nd7 {[%emt 0:29:17]} 18. Bg5 {[%emt 0:03:58]} Re8 {[%emt 0:01:41]} 19. Rac1 {[%emt 0:04:01]} Nb8 {[%emt 0:04:14]} 20. b3 {[%emt 0:02:08]} Na6 {[%emt 0:00:48]} 21. Rb1 {[%emt 0:01:54]} Nc7 {[%emt 0:14:07]} 22. Na3 {[%emt 0:00:31]} e6 {[%emt 0:00:11]} 23. Nc4 {[%emt 0:02:27]} Qa6 {[%emt 0:00:18]} 24. Qd3 {[%emt 0:17:05]} exd5 {[%emt 0:13:01]} 25. exd5 {[%emt 0:00:07]} Be5 {[%emt 0:00:06]} 26. Rbd1 {[%emt 0:12:22]} Qb7 {[%emt 0:06:06]} 27. Rfe1 {[%emt 0:00:45]} f6 {[%emt 0:00:13]} 28. Be3 {[%emt 0:01:16]} g5 {[%emt 0:05:20]} 29. h4 {[%emt 0:04:01]} g4 {[%emt 0:00:12]} 30. Bh6 {[%emt 0:02:37]} Re7 {[%emt 0:03:00]} 31. Qf5 {[%emt 0:06:21]} Rae8 {[%emt 0:00:09]} 32. Nxe5 {[%emt 0:16:30]} fxe5 {[%emt 0:02:40]} 33. Re4 {[%emt 0:00:00]} Qxb3 {[%emt 0:00:00]} 34. Rxg4+ {[%emt 0:00:00]} Kh8 {[%emt 0:00:00]} 35. Qf6+ {[%emt 0:00:00]} 1-0

[Event "Belgrade Spring Open 2021"]
[Site "Belgrade"]
[Date "2021.04.07"]
[Round "7.1"]
[White "Martirosyan, Haik M."]
[Black "Abramovic, Bosko"]
[Result "1-0"]
[WhiteElo "2620"]
[BlackElo "2333"]
[Annotator "TA"]
[PlyCount "151"]
[EventDate "2021.04.02"]
[EventType "swiss"]
[EventCountry "SRB"]
[SourceTitle "playchess.com"]
[Source "ChessBase"]
[SourceQuality "1"]

{[%evp 12,151,8,5,9,12,14,0,12,12,14,13,24,13,57,53,56,45,47,14,39,28,67,42,76,63,63,71,64,37,74,98,89,71,92,26,21,34,64,19,8,0,68,64,71,71,69,58,52,49,50,56,95,0,0,-2,0,0,0,0,27,0,8,8,27,18,24,25,26,24,74,0,0,0,1,11,17,0,29,37,204,203,179,141,227,227,210,218,310,320,314,294,286,187,222,187,171,147,178,171,236,171,173,165,217,171,171,166,169,11,11,11,11,11,11,-17,11,8,8,0,8,0,0,0,0,0,0,0,0,0,0,0,0,0,88,88,88,88,4956,1513,29997,29998]} 1. e4 c5 2. Nf3 e6 3. g3 Nc6 4. Bg2 d6 5. O-O Nf6 6. Qe2 Be7 7. c3 O-O {C00: French: Unusual White 2nd moves.} 8. Rd1 d5 9. e5 {[#]} Ne8 $146 {The position is equal.} ({Predecessor:} 9... Nd7 10. d4 a5 11. a4 b6 12. Bf4 Ba6 13. Qd2 Rc8 14. h4 Qe8 15. Na3 cxd4 16. cxd4 {0-1 (35) Murzin,V (2478)-Grachev,B (2619) Moscow 2021}) 10. d4 b6 11. h4 Nc7 12. Bg5 f6 (12... h6 $5 {[%cal Rh6g5]} 13. Bxe7 Qxe7 $11) 13. exf6 gxf6 14. Bh6 Rf7 15. Nbd2 Ba6 16. Qe3 Qd7 17. Bh3 Re8 18. Bg4 Bd6 19. Nb3 {[%cal Rd4c5]} c4 20. Nc1 Rfe7 21. Ne2 Kh8 22. Nf4 Rg8 {[#]} 23. Nh5 $1 Rf7 $11 ({Wrong is} 23... Rxg4 $2 24. Nxf6 Re4 25. Qg5 $16 (25. Nxe4 dxe4 26. Ng5 Re8 $16)) 24. Bh3 Bc8 25. Re1 Qd8 26. Kh2 Ne7 (26... e5 $11 27. dxe5 Bxe5) 27. Re2 $14 Ng6 28. Rae1 b5 29. Qd2 a5 30. Nf4 Nxf4 31. Bxf4 a4 32. g4 (32. h5 $16) 32... Ne8 $11 33. Bg3 Bxg3+ 34. fxg3 Nd6 35. Qf4 Re8 36. Qh6 Ne4 37. Nd2 f5 38. Qf4 Qc7 39. Qxc7 Rxc7 40. a3 Rg8 41. g5 (41. Nxe4 $16 fxe4 42. g5) 41... h6 42. Nxe4 dxe4 43. gxh6 Rh7 44. Rf1 Bb7 45. g4 fxg4 (45... Rxh6 $14 46. gxf5 exf5 47. Rxf5 Rxh4) 46. Bg2 $18 g3+ 47. Kg1 $1 Rxh6 (47... e5 $16) 48. Bxe4 Bc8 {[#]} 49. Rf4 e5 (49... Rh5 $142 50. Bc6 Rf5) 50. dxe5 Rg4 51. Rf8+ Rg8 52. Rxg8+ Kxg8 {[%mdl 4096] Endgame KRB-KRB} 53. Re3 Rxh4 54. Rxg3+ Kf8 55. Bd5 Bg4 (55... Ke7 $142) 56. Bc6 Ke7 57. Bxb5 Bd1 (57... Ke6 $142 58. Bxc4+ Kxe5) 58. Rg6 Re4 59. Kf1 Bc2 60. Rc6 $2 ({White should play} 60. Rb6 $18) 60... Bd3+ $11 61. Kg1 {Threatens to win with Rb6.} Rxe5 62. Bxa4 {Rb6 is the strong threat.} Re1+ 63. Kg2 {aiming for Rb6.} (63. Kf2 {is more complex.} Re2+ 64. Kf3 Rxb2 65. Ke3 Ra2 66. Bb5) 63... Re2+ 64. Kg3 {Strongly threatening Rb6.} Rxb2 65. Ra6 Ra2 66. Bc6 (66. Bb5 {feels hotter.} Rc2 67. Kf4 Rxc3 68. Ke5 Be2 69. a4) 66... Rc2 67. Kf4 Rxc3 68. Ke5 Rc1 69. Ra7+ Kf8 $1 70. Bd5 c3 {And now ...c2 would win.} 71. Rf7+ Ke8 {White must now prevent ...c2.} 72. Kd6 Bb5 (72... Rb1 $11 {keeps the balance.} 73. Rc7 Rb6+ 74. Kc5 Rb1) 73. Rb7 $16 {[%cal Rb7b8]} Kf8 74. Rxb5 Ra1 $2 {[%mdl 8192]} (74... c2 $16) 75. Rb3 $18 ({Weaker is} 75. Rb8+ Kg7 $14) 75... c2 {[#]} 76. Rg3 $1 {[%csl Gd5][%cal Rg3g8] Weighted Error Value: White=0.22/Black=0.20} 1-0

[Event "Belgrade Spring Open 2021"]
[Site "Belgrade"]
[Date "2021.04.07"]
[Round "7.3"]
[White "Kamer, Kayra"]
[Black "Kaasen, Tor Fredrik"]
[Result "1-0"]
[WhiteElo "2339"]
[BlackElo "2397"]
[Annotator "TA"]
[PlyCount "63"]
[EventDate "2021.04.02"]
[EventType "swiss"]
[EventCountry "SRB"]
[SourceTitle "playchess.com"]
[Source "ChessBase"]
[SourceQuality "1"]

{[%evp 10,63,28,0,16,2,1,-12,-1,-35,24,21,23,-1,68,-72,-43,-32,0,-5,96,94,99,102,85,58,84,32,46,35,46,-12,0,-12,-18,-13,-26,-96,212,52,-13,0,182,176,170,159,171,160,894,882,824,850,1316,1300,29996,29997]} 1. e4 {Estremera,S/Mellado,J} c5 2. Nf3 d6 3. d4 cxd4 4. Nxd4 Nf6 5. Nc3 a6 6. Qf3 g6 {B90: Sicilian Najdorf: Unusual White 6th moves, 6 Be3 Ng4 and 6 Be3 e5.} 7. Bg5 Bg7 8. h3 Qa5 {[#] The position is equal.} 9. Qe3 $146 {[#]} ({Predecessor:} 9. Be3 O-O 10. O-O-O Nc6 11. Kb1 Bd7 12. Nb3 Qc7 13. g4 Ne5 14. Qg2 Be6 15. f4 {1-0 (54) Vallejo Pons,F (2697)-Topalov,V (2752) Leon 2012 CBM 148 Extra [Estremera,S/Mellado,J]}) 9... Nbd7 (9... Nxe4 $1 $15 10. Qxe4 (10. Bh4 f5) 10... Qxg5) 10. O-O-O $11 h6 11. Bh4 b5 ({Black should play} 11... Qc5 $11) 12. Nd5 (12. Nc6 $14 {keeps the upper hand.} Qb6 13. Qxb6 Nxb6 14. e5) 12... Bb7 13. Nb3 Qd8 (13... Qxa2 $2 14. Nc3 $18) 14. Bxf6 exf6 (14... Nxf6 $11 15. Nxf6+ Bxf6) 15. Qg3 $16 Ne5 16. f4 Nc6 17. h4 O-O 18. h5 ({White should try} 18. f5 $16) 18... g5 $1 $14 19. Ne3 Ne7 20. Nc5 Bc6 $1 $11 21. fxg5 fxg5 22. Rxd6 Qc7 {Threatens to win with ...Nc8.} 23. e5 (23. Ng4 $1 $11 Rad8 24. Rd3) 23... Nc8 $2 {[%mdl 8192] [#]} (23... Rad8 $1 $17 {stays on course. aiming for ...Bxe5!} 24. Rxd8 Rxd8) 24. Nf5 $2 ({Not} 24. Nd5 $2 Bxd5 25. Nxa6 (25. Rxd5 $2 Nb6 $19) 25... Qb7 $19) (24. Rxh6 $1 $18 {[%mdl 512]} Bxh6 (24... Qxe5 25. Qxe5) 25. Ng4) 24... Nxd6 $14 25. exd6 Qb6 {[#]} (25... Qa5 $1 $11 {and Black stays safe.}) 26. b4 $1 $18 Rfe8 27. Bd3 {Strongly threatening Qf2.} Qd8 {With the idea ...Qf6.} 28. Rf1 $40 {[%mdl 128] White has strong attack.} Kh8 (28... Bf8 $16) 29. Nxg7 {[%mdl 64] Discovered Attack} Kxg7 30. Qf2 Ra7 31. d7 Rf8 32. Qf5 {[%csl Gd3][%cal Rf5h7] Weighted Error Value: White=0.36/Black=0.64} 1-0